[Event "17th Dubai Chess Open"]
[Site "Dubai UAE"]
[Date "2015.04.09"]
[Round "4.1"]
[White "Howell, David W L"]
[Black "Volkov, Sergey"]
[Result "1-0"]
[WhiteTitle "GM"]
[BlackTitle "GM"]
[WhiteElo "2686"]
[BlackElo "2614"]
[WhiteFideId "410608"]
[BlackFideId "4122763"]
[EventDate "2015.04.06"]

1. d4 d5 2. c4 c6 3. Nc3 Nf6 4. Nf3 a6 5. e3 b5 6. b3 Bg4 7. Bd2 Nbd7 8. h3 Bxf3
9. Qxf3 b4 10. Na4 e5 11. cxd5 cxd5 12. dxe5 Ne4 13. Qf4 Be7 14. Bd3 Bg5 15. Qh2
Qe7 16. h4 Bh6 17. f4 g6 18. Bxe4 dxe4 19. g4 f5 20. exf6 Qxf6 21. Rc1 Qe6 22.
g5 Bg7 23. Bxb4 a5 24. Ba3 Nb6 25. Rc7 Bf8 26. Qb2 Rg8 27. Nxb6 Bxa3 28. Qxa3 1-0

[Event "17th Dubai Chess Open"]
[Site "Dubai UAE"]
[Date "2015.04.09"]
[Round "4.2"]
[White "Solak, Dragan"]
[Black "Fedoseev, Vladimir3"]
[Result "1/2-1/2"]
[WhiteTitle "GM"]
[BlackTitle "GM"]
[WhiteElo "2607"]
[BlackElo "2674"]
[WhiteFideId "916811"]
[BlackFideId "24130737"]
[EventDate "2015.04.06"]

1. e4 e5 2. Nf3 Nc6 3. Bb5 Nf6 4. O-O Nxe4 5. Re1 Nd6 6. Nxe5 Nxe5 7. Rxe5+ Be7
8. Bf1 O-O 9. d4 Bf6 10. Re1 Re8 11. c3 Nf5 12. Bf4 d6 13. Nd2 Rxe1 14. Qxe1 Be6
15. Ne4 Be7 16. Bd3 Nh4 17. Qe2 Ng6 18. Bd2 c6 19. Ng3 Bg5 20. a3 d5 21. Bxg6
hxg6 22. Bxg5 Qxg5 23. Re1 Re8 24. Qe3 Qd8 25. Qd2 f6 26. h4 Kf7 27. h5 gxh5 28.
Nxh5 Rh8 29. Ng3 Qd6 30. Qe3 Bg4 31. Nf1 Bd7 32. Qg3 Qxg3 33. Nxg3 g5 34. f3 b6
35. Kf2 c5 36. Rh1 Rd8 37. Rh7+ Kg8 38. Re7 Kf8 39. Rh7 Kg8 40. Re7 1/2-1/2

[Event "17th Dubai Chess Open"]
[Site "Dubai UAE"]
[Date "2015.04.09"]
[Round "4.3"]
[White "Papp, Gabor1"]
[Black "Zhigalko, Sergei"]
[Result "1/2-1/2"]
[WhiteTitle "GM"]
[BlackTitle "GM"]
[WhiteElo "2575"]
[BlackElo "2675"]
[WhiteFideId "718602"]
[BlackFideId "13502956"]
[EventDate "2015.04.06"]

1. e4 c5 2. Nf3 Nc6 3. d4 cxd4 4. Nxd4 Nf6 5. Nc3 e5 6. Ndb5 d6 7. Bg5 a6 8. Na3
b5 9. Nd5 Be7 10. Bxf6 Bxf6 11. c3 Bg5 12. Nc2 Ne7 13. h4 Bh6 14. Ncb4 O-O 15.
a4 bxa4 16. Qxa4 a5 17. Bb5 Nxd5 18. Nxd5 Be6 19. Bc6 Rb8 20. b4 axb4 21. cxb4
Kh8 22. b5 Bxd5 23. Bxd5 Qb6 24. Bc6 Be3 25. fxe3 Qxe3+ 26. Kd1 Qd3+ 27. Ke1
Qe3+ 28. Kd1 Qd3+ 29. Ke1 Qe3+ 30. Kd1 1/2-1/2

[Event "17th Dubai Chess Open"]
[Site "Dubai UAE"]
[Date "2015.04.09"]
[Round "4.4"]
[White "Istratescu, Andrei"]
[Black "Mchedlishvili, Mikheil"]
[Result "1/2-1/2"]
[WhiteTitle "GM"]
[BlackTitle "GM"]
[WhiteElo "2630"]
[BlackElo "2586"]
[WhiteFideId "1200372"]
[BlackFideId "13600966"]
[EventDate "2015.04.06"]

1. Nf3 Nf6 2. c4 c5 3. Nc3 d5 4. cxd5 Nxd5 5. d4 Nxc3 6. bxc3 g6 7. e3 Bg7 8.
Bb5+ Bd7 9. a4 O-O 10. O-O Qc7 11. Qe2 b6 12. Ba3 Rc8 13. e4 Bg4 14. e5 Nc6 15.
Rad1 e6 16. h3 Bxf3 17. Qxf3 a6 18. Be2 Bf8 19. Qe4 cxd4 20. Bxf8 Rxf8 21. cxd4
Ne7 22. h4 Nd5 23. Bf3 Qd7 24. Rd3 Qxa4 25. h5 Qd7 26. Qg4 Rac8 27. Rb1 b5 28.
Ra3 Rc4 29. Rxa6 Nc3 30. Rd6 Qe7 31. Ra1 b4 32. Rb6 Qd8 33. Rd6 Qe7 34. Rb6 Rd8
35. Rb7 Rc7 36. Raa7 Rxb7 37. Rxb7 Rd7 38. Rb8+ Rd8 39. Rb7 Rd7 40. Rb8+ 1/2-1/2

[Event "17th Dubai Chess Open"]
[Site "Dubai UAE"]
[Date "2015.04.09"]
[Round "4.5"]
[White "Grandelius, Nils"]
[Black "Nigalidze, Gaioz"]
[Result "1-0"]
[WhiteTitle "GM"]
[BlackTitle "GM"]
[WhiteElo "2603"]
[BlackElo "2566"]
[WhiteFideId "1710400"]
[BlackFideId "13603078"]
[EventDate "2015.04.06"]

1. e4 c5 2. Nf3 d6 3. d4 cxd4 4. Nxd4 Nf6 5. Nc3 a6 6. Bc4 e6 7. Bb3 Qc7 8. O-O
Be7 9. Qf3 Nc6 10. Be3 O-O 11. Qg3 b5 12. Nxc6 Qxc6 13. Bh6 Nh5 14. Qg4 b4 15.
Ne2 Bf6 16. c3 Bb7 17. Rae1 Kh8 18. Nd4 Qc8 19. Be3 g6 20. cxb4 e5 21. Nf5 gxf5
22. Qxh5 Bxe4 23. f3 Bd3 24. Bh6 Rg8 25. Rf2 f4 26. Qxf7 Qf5 27. Rd1 Bb5 28. Bc2 1-0

[Event "17th Dubai Chess Open"]
[Site "Dubai UAE"]
[Date "2015.04.09"]
[Round "4.6"]
[White "Solodovnichenko, Yuri"]
[Black "Guseinov, Gadir"]
[Result "1-0"]
[WhiteTitle "GM"]
[BlackTitle "GM"]
[WhiteElo "2584"]
[BlackElo "2614"]
[WhiteFideId "14104369"]
[BlackFideId "13401378"]
[EventDate "2015.04.06"]

1. e4 c5 2. Nc3 g6 3. d4 Bg7 4. dxc5 Qa5 5. Bd2 Na6 6. Nd5 Qxc5 7. Nf3 e6 8. Bc3
Kf8 9. Bxg7+ Kxg7 10. Nc3 Nf6 11. Qd4 Qxd4 12. Nxd4 Nc7 13. e5 Ng4 14. f4 f6 15.
Nf3 fxe5 16. fxe5 b5 17. Nxb5 Nxb5 18. Bxb5 Rb8 19. a4 a6 20. Bd3 Rxb2 21. Ke2
Bb7 22. Rhb1 Rxb1 23. Rxb1 Bxf3+ 24. gxf3 Nxe5 25. Bxa6 Ra8 26. Bb5 g5 27. c4
Nxc4 28. Bxc4 Rxa4 29. Bb5 Ra7 30. Kf2 Rb7 31. Kg3 h5 32. h4 Kf6 33. Kh3 d5 34.
Kg3 e5 35. Kh3 Rb8 36. Rb2 Rb7 37. hxg5+ Kxg5 38. Rg2+ Kf4 39. Bc6 Rb1 40. Bxd5
Rh1+ 41. Rh2 Rc1 42. Kh4 Rg1 43. Rh3 Rg7 44. Be4 Rg8 45. Rh1 Rg5 46. Rf1 1-0

[Event "17th Dubai Chess Open"]
[Site "Dubai UAE"]
[Date "2015.04.09"]
[Round "4.7"]
[White "Kovalenko, Igor"]
[Black "Fier, Alexandr"]
[Result "1-0"]
[WhiteTitle "GM"]
[BlackTitle "GM"]
[WhiteElo "2661"]
[BlackElo "2601"]
[WhiteFideId "14117908"]
[BlackFideId "2107139"]
[EventDate "2015.04.06"]

1. Nf3 c5 2. c4 Nf6 3. Nc3 d5 4. cxd5 Nxd5 5. e3 Nxc3 6. bxc3 g6 7. d4 Bg7 8.
Bd3 O-O 9. O-O Qc7 10. Ba3 Nd7 11. Rb1 b6 12. e4 Bb7 13. Re1 e6 14. Qe2 Nf6 15.
h3 Rfd8 16. Rbd1 Rac8 17. Qe3 Qc6 18. Bb2 Qa4 19. Qe2 Nh5 20. g3 Qc6 21. Kh2 Nf6
22. Ne5 Qc7 23. f4 Ne8 24. Nf3 c4 25. Bc2 Qc6 26. Ba3 Nd6 27. g4 Nb5 28. Bb2 Nc7
29. g5 b5 30. Ba3 Qe8 31. Bb4 Na6 32. Ba5 Rd6 33. Ne5 Nb8 34. Bb4 Ra6 35. a3 Nc6
36. Nxc6 Bxc6 37. Qf2 Bf8 38. d5 Bxb4 39. axb4 Bd7 40. Ra1 Rxa1 41. Rxa1 exd5
42. exd5 Ra8 43. Kg3 a6 44. h4 Qf8 45. Qd4 Re8 46. Be4 Qe7 47. Re1 Bc8 48. Kf2
Qd7 49. Rh1 Qd6 50. Bf3 Bf5 51. Re1 Rxe1 52. Kxe1 f6 53. Kf2 Kf7 54. Kg3 Bd7 55.
Be4 Ke7 56. gxf6+ Qxf6 57. Qe5+ Kf7 58. h5 gxh5 59. Qxh5+ Kf8 60. Qe5 Qg7+ 61.
Kf2 h5 62. Qd6+ Kg8 63. Qb8+ Kf7 64. Qd8 Qg4 65. Bf3 Qf5 66. Bxh5+ Kg7 67. Qg5+
Kf8 68. Qxf5+ Bxf5 69. d6 1-0

[Event "17th Dubai Chess Open"]
[Site "Dubai UAE"]
[Date "2015.04.09"]
[Round "4.8"]
[White "Ipatov, Alexander"]
[Black "Petrosian, Tigran L."]
[Result "1-0"]
[WhiteTitle "GM"]
[BlackTitle "GM"]
[WhiteElo "2592"]
[BlackElo "2671"]
[WhiteFideId "14116731"]
[BlackFideId "13301616"]
[EventDate "2015.04.06"]

1. d4 d6 2. Nf3 g6 3. g3 Bg7 4. Bg2 f5 5. O-O Nf6 6. c4 O-O 7. Nc3 c6 8. Re1 Na6
9. b3 e5 10. dxe5 dxe5 11. Ba3 e4 12. Bxf8 Qxf8 13. Nd4 Ng4 14. Qd2 Qf6 15. Rad1
e3 16. fxe3 Bh6 17. Nc2 Be6 18. Rf1 Nb4 19. Ne4 Qe7 20. Qxb4 Qxb4 21. Nxb4 fxe4
22. Nc2 Bxe3+ 23. Nxe3 Nxe3 24. Rd6 Nxf1 25. Rxe6 Nd2 26. Re7 Rb8 27. Kf2 Nb1
28. Ke3 Nc3 29. a4 Na2 30. Kxe4 Nc1 31. b4 a5 32. bxa5 Nb3 33. Bh3 Nxa5 34. Be6+
Kh8 35. Kf4 Nb3 36. Kg5 Nd4 37. Kh6 Nxe6 38. Rxe6 Kg8 39. Re7 Ra8 40. Rxh7 Rxa4
41. Rxb7 Rxc4 42. Kxg6 Kf8 43. Rf7+ Ke8 44. Rf4 Rc3 45. Rf3 Rc4 46. h4 Re4 47.
h5 Re6+ 48. Rf6 Re3 49. g4 1-0

[Event "17th Dubai Chess Open"]
[Site "Dubai UAE"]
[Date "2015.04.09"]
[Round "4.9"]
[White "Bartel, Mateusz"]
[Black "Banusz, Tamas"]
[Result "1/2-1/2"]
[WhiteTitle "GM"]
[BlackTitle "GM"]
[WhiteElo "2627"]
[BlackElo "2585"]
[WhiteFideId "1112635"]
[BlackFideId "722413"]
[EventDate "2015.04.06"]

1. e4 e5 2. Nf3 Nc6 3. Bb5 a6 4. Ba4 Nf6 5. d3 d6 6. c3 g6 7. h3 Bg7 8. Be3 O-O
9. Nbd2 Re8 10. O-O d5 11. Bxc6 bxc6 12. Qa4 a5 13. Rfd1 Ba6 14. c4 Qb8 15. Bg5
Qb6 16. Rdc1 Bb7 17. Rab1 dxe4 18. dxe4 c5 19. Bxf6 Qxf6 20. Re1 Red8 21. Qa3
Qb6 22. Qe3 f6 23. Nb3 Bf8 24. Qe2 Rd7 25. Rbd1 Rad8 26. Rxd7 Rxd7 27. Qc2 Bh6
28. a4 Bc6 29. Qc3 Bxa4 30. Nxa5 Bd1 31. Qa3 Rd8 32. Nh2 Bc1 33. Nb3 Bxb2 34.
Qxb2 Qxb3 35. Qxb3 Bxb3 36. Ng4 Kf7 37. Ne3 Rd4 38. Rb1 Bxc4 39. Rb7 Be6 40.
Rxc7+ Ke8 41. Rxc5 Rxe4 42. Rc6 Kd7 43. Ra6 f5 44. Ra7+ Kd6 45. Rxh7 f4 46. Ng4
Bxg4 47. hxg4 Re1+ 48. Kh2 e4 49. Rg7 Rf1 50. Rxg6+ Ke5 51. Rg5+ Kd4 52. Rf5
Rxf2 53. Kg1 e3 54. g5 Ra2 55. Rxf4+ Kd3 56. Rf1 e2 57. Rb1 Ra5 58. g4 Ra4 59.
Kf2 Rf4+ 60. Kg2 Rxg4+ 61. Kf3 Re4 62. Re1 Kd2 63. Rxe2+ Rxe2 64. Kf4 Kd3 65. g6
Kd4 66. Kf5 Rf2+ 67. Ke6 Rg2 68. Kf7 Rxg6 69. Kxg6 1/2-1/2

[Event "17th Dubai Chess Open"]
[Site "Dubai UAE"]
[Date "2015.04.09"]
[Round "4.10"]
[White "Idani, Pouya"]
[Black "Iturrizaga Bonelli, Eduardo"]
[Result "1/2-1/2"]
[WhiteTitle "GM"]
[BlackTitle "GM"]
[WhiteElo "2496"]
[BlackElo "2630"]
[WhiteFideId "12510130"]
[BlackFideId "3901211"]
[EventDate "2015.04.06"]

1. e4 c6 2. Nc3 d5 3. Nf3 g6 4. d4 Bg7 5. Bf4 dxe4 6. Nxe4 Bf5 7. Bd3 Nf6 8.
Nxf6+ Bxf6 9. Bc4 Be4 10. c3 Bd5 11. Bd3 Nd7 12. O-O O-O 13. Qe2 Bxf3 14. Qxf3
e5 15. dxe5 Nxe5 16. Bxe5 Bxe5 17. Rfe1 Qf6 18. Qxf6 Bxf6 19. Rad1 Rad8 20. Bc4
Rxd1 21. Rxd1 Rd8 22. Rxd8+ Bxd8 23. Kf1 Kf8 24. Ke2 Ke7 25. a4 Bc7 26. g3 a5
27. h4 h5 28. Bb3 Bb6 29. Bc4 Bc5 30. Bd3 Bb6 1/2-1/2

[Event "17th Dubai Chess Open"]
[Site "Dubai UAE"]
[Date "2015.04.09"]
[Round "4.11"]
[White "Shabalov, Alexander"]
[Black "Gupta, Abhijeet"]
[Result "1-0"]
[WhiteTitle "GM"]
[BlackTitle "GM"]
[WhiteElo "2511"]
[BlackElo "2625"]
[WhiteFideId "2008572"]
[BlackFideId "5010608"]
[EventDate "2015.04.06"]

1. e4 c5 2. Nf3 d6 3. d4 cxd4 4. Nxd4 Nf6 5. Nc3 a6 6. Be3 Ng4 7. Bc1 Nf6 8. h3
e5 9. Nde2 h5 10. Ng1 Nbd7 11. a4 Qc7 12. Nf3 Be7 13. Bg5 b6 14. Nd2 Bb7 15. Bc4
O-O 16. O-O g6 17. Qe2 Kg7 18. Kh1 Ng8 19. Be3 Ngf6 20. Rad1 Nc5 21. Bg5 Rac8
22. Qe3 Ng8 23. Bd5 Bxg5 24. Qxg5 Nf6 25. f4 Bxd5 26. exd5 e4 27. f5 Rce8 28.
Nc4 e3 29. Nxe3 Nce4 30. Nxe4 Nxe4 31. Qf4 Qe7 32. Rd3 Qf6 33. b4 b5 34. axb5
axb5 35. Kg1 g5 36. Qf3 Kh6 37. c4 bxc4 38. Nxc4 Re7 39. Na5 Ra8 40. Nc6 Ree8
41. Rd4 g4 42. Qf4+ Qg5 43. Rxe4 Qxf4 44. Rfxf4 Ra1+ 45. Kh2 1-0

[Event "17th Dubai Chess Open"]
[Site "Dubai UAE"]
[Date "2015.04.09"]
[Round "4.12"]
[White "Kuzubov, Yuriy"]
[Black "Ezat, Mohamed"]
[Result "1-0"]
[WhiteTitle "GM"]
[BlackTitle "IM"]
[WhiteElo "2667"]
[BlackElo "2479"]
[WhiteFideId "14112906"]
[BlackFideId "10600906"]
[EventDate "2015.04.06"]

1. e4 c6 2. d4 d5 3. Nc3 dxe4 4. Nxe4 Bf5 5. Ng3 Bg6 6. N1e2 e6 7. h4 h6 8. Nf4
Bh7 9. Bc4 Nf6 10. c3 Bd6 11. Ngh5 O-O 12. g4 e5 13. g5 exf4 14. gxf6 g6 15. Qf3
Kh8 16. Bxf4 gxh5 17. Bxh6 Re8+ 18. Kd2 Bg6 19. Rhg1 Kh7 20. Bxf7 Bxf7 21. Qf5+
Kh8 22. Rg7 1-0

[Event "17th Dubai Chess Open"]
[Site "Dubai UAE"]
[Date "2015.04.09"]
[Round "4.13"]
[White "Baghdasaryan, Vahe"]
[Black "Ivanisevic, Ivan"]
[Result "0-1"]
[WhiteTitle "IM"]
[BlackTitle "GM"]
[WhiteElo "2400"]
[BlackElo "2638"]
[WhiteFideId "13303139"]
[BlackFideId "912417"]
[EventDate "2015.04.06"]

1. Nf3 d5 2. g3 Nc6 3. d4 Bf5 4. Bg2 Nb4 5. O-O Bxc2 6. Qe1 e6 7. Ne5 f6 8. Nd3
Bxd3 9. exd3 Kf7 10. Qc3 Nc6 11. a3 Nge7 12. b4 Nf5 13. Be3 a5 14. b5 Na7 15.
Qxa5 Bd6 16. Nd2 b6 17. Qa4 Nc6 18. Qd1 Ncxd4 19. g4 Nxe3 20. fxe3 Nxb5 21. g5
f5 22. e4 Bc5+ 23. Kh1 Nd4 24. exd5 exd5 25. Nb3 g6 26. Rc1 Qd6 27. Nxd4 Bxd4
28. Qg4 c5 29. Rce1 Rad8 30. Qh3 Rde8 31. Rxe8 Rxe8 32. Rb1 Kg7 33. Qf3 Re5 34.
a4 Qe7 35. Rxb6 Re1+ 36. Bf1 c4 37. Rb5 cxd3 38. Rxd5 Rxf1+ 0-1

[Event "17th Dubai Chess Open"]
[Site "Dubai UAE"]
[Date "2015.04.09"]
[Round "4.14"]
[White "Safarli, Eltaj"]
[Black "Videnova, Iva"]
[Result "1-0"]
[WhiteTitle "GM"]
[BlackTitle "IM"]
[WhiteElo "2641"]
[BlackElo "2398"]
[WhiteFideId "13402129"]
[BlackFideId "2907763"]
[EventDate "2015.04.06"]

1. e4 c5 2. Nf3 d6 3. d4 cxd4 4. Nxd4 Nf6 5. Nc3 g6 6. Be3 Bg7 7. f3 Nc6 8. Qd2
O-O 9. O-O-O d5 10. Qe1 e5 11. Nxc6 bxc6 12. exd5 Nxd5 13. Bc4 Be6 14. Ne4 Qc7
15. Bc5 Rfd8 16. g4 h6 17. Bb3 Nf4 18. Bd6 Rxd6 19. Rxd6 Bd5 20. Qd2 Rc8 21. Rd1
Kh8 22. g5 hxg5 23. c4 f5 24. cxd5 cxd5+ 25. Kb1 fxe4 26. Rxd5 exf3 27. Rd7 Qc5
28. Rd8+ Kh7 29. Rxc8 Qxc8 30. Bc2 Qh3 31. Be4 g4 32. a3 Qh4 33. Ka2 Ne2 34. Qd6
Qf6 35. Qd7 f2 36. Rf1 Qf4 37. Qc6 Bf6 38. Qc2 Nd4 39. Qxf2 Qxe4 40. Qxf6 Qd5+
41. Kb1 Qe4+ 42. Ka1 Nc2+ 43. Ka2 Qc4+ 44. b3 Nb4+ 45. axb4 1-0

[Event "17th Dubai Chess Open"]
[Site "Dubai UAE"]
[Date "2015.04.09"]
[Round "4.15"]
[White "Rakhmanov, Aleksandr"]
[Black "Vignesh, NR"]
[Result "1/2-1/2"]
[WhiteTitle "GM"]
[WhiteElo "2639"]
[BlackElo "2365"]
[WhiteFideId "4173708"]
[BlackFideId "25012215"]
[EventDate "2015.04.06"]

1. c4 e5 2. Nf3 Nc6 3. d4 e4 4. Nfd2 f5 5. e3 Nf6 6. Nc3 g6 7. a3 Bg7 8. b4 O-O
9. Bb2 d5 10. Nxd5 Nxd5 11. cxd5 Ne7 12. h4 h5 13. g3 Nxd5 14. Nc4 Be6 15. Be2
Nb6 16. Ne5 Bxe5 17. dxe5 Qxd1+ 18. Rxd1 Nc4 19. Bxc4 Bxc4 20. Rd4 b5 21. Bc3
Rfd8 22. Kd2 Kf7 23. Kc2 Ke6 24. Ra1 Bd5 25. Rd2 Bc4 26. Rxd8 Rxd8 27. a4 a6 28.
Bd4 bxa4 29. Rxa4 Bb5 30. Ra3 c6 31. Rc3 Ra8 32. Ra3 Rd8 33. Rc3 Ra8 34. Ra3 Rd8
35. Rc3 1/2-1/2

[Event "17th Dubai Chess Open"]
[Site "Dubai UAE"]
[Date "2015.04.09"]
[Round "4.16"]
[White "Prohaszka, Peter2"]
[Black "Abhishek, Kelkar"]
[Result "1/2-1/2"]
[WhiteTitle "GM"]
[WhiteElo "2597"]
[BlackElo "2343"]
[WhiteFideId "726265"]
[BlackFideId "5019257"]
[EventDate "2015.04.06"]

1. Nf3 Nf6 2. c4 c6 3. Nc3 d5 4. e3 a6 5. b3 Bf5 6. Bb2 e6 7. Be2 h6 8. O-O Nbd7
9. d4 Bd6 10. Bd3 O-O 11. Re1 Ne4 12. Bxe4 Bxe4 13. Nd2 Bg6 14. e4 Rc8 15. a3
Bb8 16. exd5 cxd5 17. c5 Qf6 18. Nf1 Bc7 19. b4 Nb8 20. Ne2 Nc6 21. Bc3 Rfe8 22.
Qd2 Ne7 23. Ne3 h5 24. Rac1 Bh7 25. Nf1 Ng6 26. Qe3 Nf4 27. Rcd1 Bc2 28. Rd2 Bg6
29. Ra2 h4 30. Nxf4 Bxf4 31. Qe2 Re7 32. h3 Rce8 33. Nh2 Be4 34. Nf3 g5 35. Ne5
Qg7 36. Ng4 f5 37. f3 fxg4 38. fxe4 gxh3 39. gxh3 e5 40. Qd1 exd4 41. Bxd4 Qf7
42. e5 Bxe5 43. Bxe5 Rxe5 44. Rf1 Qe6 45. Qh5 Rf8 46. Rxf8+ Kxf8 1/2-1/2

[Event "17th Dubai Chess Open"]
[Site "Dubai UAE"]
[Date "2015.04.09"]
[Round "4.17"]
[White "Tissir, Mohamed"]
[Black "Shimanov, Aleksandr"]
[Result "1/2-1/2"]
[WhiteTitle "IM"]
[BlackTitle "GM"]
[WhiteElo "2359"]
[BlackElo "2594"]
[WhiteFideId "9000240"]
[BlackFideId "4198603"]
[EventDate "2015.04.06"]

1. e4 d6 2. d4 Nf6 3. Nc3 e5 4. Nf3 Nbd7 5. Bc4 Be7 6. O-O O-O 7. Re1 c6 8. a4
a5 9. h3 Nb6 10. Bf1 exd4 11. Nxd4 d5 12. e5 Ne8 13. Nce2 g6 14. Nf4 Ng7 15. b3
Bb4 16. Bd2 Bc5 17. Be3 Bb4 18. Bd2 Bxd2 19. Qxd2 Qe7 20. Qe3 Nd7 21. c4 dxc4
22. Bxc4 Nc5 23. Rad1 Re8 24. Qc3 Nce6 25. Nfxe6 Nxe6 26. Nxe6 Bxe6 27. Bxe6
Qxe6 28. Rd6 Qe7 29. f4 Qh4 30. Rf1 Re7 31. Kh2 Qh5 32. Rf3 Qf5 33. Qd4 Rae8 34.
Rd8 Kf8 35. Rd6 Qc8 36. Rd3 Kg8 37. Rf3 Qc7 38. Rd3 Qc8 39. Rf3 Rf8 40. Qc5 Qc7
41. Qd4 Qc8 42. Qc5 Qc7 1/2-1/2

[Event "17th Dubai Chess Open"]
[Site "Dubai UAE"]
[Date "2015.04.09"]
[Round "4.18"]
[White "Vijayalakshmi, Subbaraman"]
[Black "Vocaturo, Daniele"]
[Result "1-0"]
[WhiteTitle "IM"]
[BlackTitle "GM"]
[WhiteElo "2319"]
[BlackElo "2579"]
[WhiteFideId "5004098"]
[BlackFideId "813192"]
[EventDate "2015.04.06"]

1. d4 Nf6 2. c4 e6 3. Nc3 Bb4 4. Qc2 b6 5. a3 Bxc3+ 6. Qxc3 Bb7 7. f3 d5 8. e3
O-O 9. Bd3 Nbd7 10. Ne2 c5 11. O-O cxd4 12. exd4 Rc8 13. b3 Ba6 14. a4 Qc7 15.
Bf4 Qb7 16. Bd6 Rfe8 17. Rfc1 Qc6 18. Qb4 dxc4 19. bxc4 Red8 20. d5 Qb7 21. dxe6
fxe6 22. Nf4 Nc5 23. Bxc5 Rxc5 24. Bf1 Qd7 25. Qb2 Qc6 26. Qb3 Kh8 27. a5 bxa5
28. Qe3 Re8 29. Nd3 Rf5 30. Ne5 Qc7 31. f4 g5 32. Re1 gxf4 33. Qc3 Bb7 34. Rxa5
f3 35. Nf7+ Kg7 36. Rxf5 exf5 37. Rxe8 Kxf7 38. Re5 Ng4 39. Rxf5+ Kg6 40. Rf6+
Nxf6 41. gxf3 Qc5+ 42. Kh1 a5 43. Be2 a4 44. Qc2+ Kf7 45. Qxa4 Qf2 46. Qd1 h5
47. c5 Qxc5 48. Qg1 Qc3 49. Kg2 Qc2 50. Qd1 Qf5 51. Qd3 Qg5+ 52. Kf2 Bd5 53. Qd4
Qf5 54. Kg3 Be6 55. Qf4 Qc5 56. Kg2 Ke7 57. Bd3 Nd5 58. Qg5+ Kd7 59. Qg7+ Ne7
60. Qh6 Qe5 61. Be4 Ng8 62. Qd2+ Ke7 63. Qb4+ Kf7 64. Qb7+ Ne7 65. Qb4 h4 66. f4
Qxf4 67. Qe1 Nf5 68. Kg1 Qe5 69. Qb4 Nd4 70. Qb7+ Kf6 71. Qh7 Qg5+ 72. Kf2 Qd2+
73. Kg1 Qe1+ 74. Kg2 h3+ 1-0

[Event "17th Dubai Chess Open"]
[Site "Dubai UAE"]
[Date "2015.04.09"]
[Round "4.19"]
[White "Stojanovic, Mihajlo"]
[Black "Yousry, Salah"]
[Result "1-0"]
[WhiteTitle "GM"]
[BlackTitle "FM"]
[WhiteElo "2555"]
[BlackElo "2304"]
[WhiteFideId "916366"]
[BlackFideId "10601120"]
[EventDate "2015.04.06"]

1. d4 d5 2. c4 e5 3. dxe5 d4 4. Nf3 Nc6 5. a3 Nge7 6. b4 Ng6 7. Bb2 a5 8. b5
Ncxe5 9. Nxe5 Nxe5 10. e3 Be6 11. Bxd4 Nxc4 12. Qc2 Nd6 13. Bd3 Qg5 14. f4 Qh4+
15. g3 Qh3 16. Nc3 Be7 17. e4 Rd8 18. f5 Nxf5 19. exf5 Rxd4 20. fxe6 Qxe6+ 21.
Kf2 O-O 22. Rhe1 Qd7 23. Rad1 Bxa3 24. Bxh7+ Kh8 25. Bf5 Qd6 26. Re4 Bc5 27. Kg2
Rd8 28. Rexd4 Bxd4 29. Qe4 c5 30. Qh4+ Kg8 31. Qh7+ Kf8 32. Qh8+ Ke7 33. Re1+
Be5 34. Qh4+ Ke8 35. Qe4 Qd2+ 36. Re2 Qxc3 37. Qxe5+ Qxe5 38. Rxe5+ Kf8 39. Rxc5
Rd2+ 40. Kh3 a4 41. Rc8+ Ke7 42. Rb8 a3 43. Rxb7+ Kf6 44. Bh7 a2 45. Ra7 Rd5 46.
Bg8 Rd8 47. Bxf7 a1=Q 48. Rxa1 Kxf7 49. b6 Rb8 50. Rb1 Rb7 51. Kg4 Kf6 52. h4 g6
53. Rb2 Kf7 54. Kg5 Kg7 55. Rb3 Kh7 56. Kf6 Kh6 57. g4 g5 58. hxg5+ Kh7 59. Ke6
Kg6 60. Rb5 1-0

[Event "17th Dubai Chess Open"]
[Site "Dubai UAE"]
[Date "2015.04.09"]
[Round "4.20"]
[White "Kathmale, Sameer"]
[Black "Ehlvest, Jaan"]
[Result "1-0"]
[WhiteTitle "IM"]
[BlackTitle "GM"]
[WhiteElo "2322"]
[BlackElo "2547"]
[WhiteFideId "5024498"]
[BlackFideId "4500016"]
[EventDate "2015.04.06"]

1. e4 e5 2. Nf3 Nc6 3. Bb5 Bc5 4. O-O d6 5. c3 a6 6. Bc4 Qf6 7. b4 Ba7 8. Re1
Nge7 9. d3 Bg4 10. Bg5 Bxf3 11. Bxf6 Bxd1 12. Bxe7 Nxe7 13. Rxd1 f5 14. exf5 Rf8
15. Nd2 Nxf5 16. g3 c6 17. Kg2 Kd7 18. Bb3 d5 19. Nf3 Rae8 20. Bc2 Nh6 21. Rd2
Ng4 22. Re1 Kd6 23. h3 Nxf2 24. Rxf2 Bxf2 25. Kxf2 a5 26. bxa5 Ra8 27. Kg2 Rxa5
28. Bb3 Re8 29. Ng5 Re7 30. Nxh7 b5 31. Ng5 c5 32. c4 e4 33. Rd1 exd3 34. Rxd3
bxc4 35. Bxc4 d4 36. Kf3 Ra4 37. Bb3 Rb4 38. Ne4+ Kc6 39. Nd2 Rb8 40. Ba4+ Kd5
41. Bb3+ Kc6 42. Nc4 Rf8+ 43. Kg4 Rf1 44. h4 Rc1 45. h5 Kb5 46. Nd6+ Kb4 47. Nf5
Rd7 48. Be6 Rd8 49. Kg5 Rc3 50. Rd1 d3 51. Ne3 d2 52. Nd5+ Rxd5+ 53. Bxd5 Rd3
54. Be4 Rd4 55. Kf4 Kc3 56. g4 c4 57. g5 Rd8 58. Ke3 1-0

[Event "17th Dubai Chess Open"]
[Site "Dubai UAE"]
[Date "2015.04.09"]
[Round "4.21"]
[White "Grover, Sahaj"]
[Black "Mehar, Chinna Reddy C.H."]
[Result "1/2-1/2"]
[WhiteTitle "GM"]
[BlackTitle "FM"]
[WhiteElo "2519"]
[BlackElo "2319"]
[WhiteFideId "5021103"]
[BlackFideId "5027420"]
[EventDate "2015.04.06"]

1. e4 c5 2. Nf3 d6 3. d4 cxd4 4. Nxd4 Nf6 5. Nc3 Nc6 6. Bg5 e6 7. Qd2 a6 8.
O-O-O Bd7 9. f4 Be7 10. Nf3 b5 11. Bxf6 gxf6 12. Kb1 Qb6 13. f5 O-O-O 14. fxe6
fxe6 15. g3 Kb8 16. Bh3 Bc8 17. Qe1 Rhe8 18. Ne2 Bf8 19. Nf4 Bg7 20. Rf1 Qc5 21.
Nd3 Qb6 22. Nf4 Qc5 23. Rd3 Ne5 24. Nxe5 Qxe5 25. Rb3 Bb7 26. Bg2 Rc8 27. a4
bxa4 28. Rb4 Ka8 29. Rxa4 f5 30. Nd3 Qb5 31. Rb4 Qc6 32. Qe2 fxe4 33. Rf7 d5 34.
Rbxb7 Qxb7 35. Rxb7 exd3 36. Qxd3 Kxb7 37. Qxh7 Re7 38. h4 Ka7 39. Qd3 Rb7 40.
Qe3+ Rb6 41. b3 a5 42. Qg5 Rc7 43. Bf1 Kb7 1/2-1/2

[Event "17th Dubai Chess Open"]
[Site "Dubai UAE"]
[Date "2015.04.09"]
[Round "4.22"]
[White "Saleh, Nabil"]
[Black "Arun Prasad, S."]
[Result "0-1"]
[WhiteTitle "FM"]
[BlackTitle "GM"]
[WhiteElo "2284"]
[BlackElo "2502"]
[WhiteFideId "9300139"]
[BlackFideId "5011167"]
[EventDate "2015.04.06"]

1. d4 Nf6 2. Nf3 e6 3. Bg5 h6 4. Bh4 d6 5. e3 g5 6. Bg3 Nh5 7. Bd3 Bg7 8. c3 Nd7
9. Nbd2 Qe7 10. Nf1 f5 11. N3d2 Ndf6 12. Qb3 a6 13. Qa3 Bd7 14. Nc4 b5 15. Na5
O-O 16. Qb3 c5 17. Qd1 e5 18. Be2 Nxg3 19. hxg3 f4 20. dxc5 dxc5 21. Qc2 Qd6 22.
Rd1 Qc7 23. Nb3 c4 24. Nc1 Bc6 25. f3 e4 26. gxf4 gxf4 27. Rh4 Rae8 28. Rxf4
exf3 29. Rxf3 Be4 0-1